000 03227cam a2200301 4500500
005 20260111145747.0
041 _afre
042 _adc
100 1 0 _aSkrypnyk, Hanna
_eauthor
245 0 0 _aLes musées ethnographiques en Ukraine
260 _c2004.
500 _a83
520 _aRésuméL’apparition en Ukraine de collections et de musées ethnographiques marque l’essor d’un intérêt national grandissant pour la culture traditionnelle et l’amorce de démarches effectuées en vue de la préserver et transmettre. L’initiative privée de l’ intelligentsia et de l’aristocratie a joué un rôle primordial dans la sauvegarde des monuments culturels et la création de musées ethnographiques. C’est le milieu universitaire qui prend aujourd’hui la relève, publiant des ouvrages spécialisés, organisant des expéditions scientifiques et ouvrant des départements d’Ethnographie, d’Ethnologie et d’Histoire de l’art. En retraçant l’évolution des musées ethnographiques ukrainiens, l’auteur montre que ce type de musée constitue un facteur déterminant de la renaissance nationale en Ukraine.
520 _aThe creation of ethnographic collections and museums in Ukraine testifies to the growing national interest for traditional culture which is marked by the first measures aiming at its preservation and transmission. Private initiatives of the intelligentsia and aristocracy played a major role in the protection of cultural monuments and the creation of ethnographic museums. This is assumed today by academics who publish spezialized literature, organize scientific expeditions and create departments of ethnography, ethnology and art history. By retracing the evolution of Ukrainian ethnographic museums the authorin shows that this type of museum is of crucial importance for the Ukrainian national rebirth.
520 _aZusammenfassungDie Schöpfung ethnographischer Sammlungen und Museen in der Ukraine zeugt von einem zunehmenden nationalen Interest für die traditionale Kultur, das sich durch die ersten Massnahmen für ihre Erhaltung und Übermittlung kennzeichnet. Privatinitiativen der Intelligenzija und Aristokratie spielten eine wesentliche Rolle in der Erhaltung kultureller Denkmäler und der Schöpfung ethnographischer Museen. Dies wird heute von Akademikern übernommen, die Fachliteratur veröffentlichen, wissenschaftliche Expeditionen organisieren und Departements für Ethnographie, Ethnologie und Kunstgeschichte gründen. Indem sie die Entwicklung der ethnographischen Museen beschreibt, zeigt die Autorin, dass dieses Museumstyp von entscheidender Wichtigkeit für die ukrainische nationale Wiedergeburt ist.
690 _acollections ethnographiques
690 _ahistoire de l'art
690 _amonuments culturels
690 _amusées ethnographiques
690 _aUkraine
690 _aart history
690 _acultural monuments
690 _aethnographic collections
690 _aethnographic museums
690 _aUkraine
786 0 _nEthnologie française | 34 | 2 | 2004-06-01 | p. 309-317 | 0046-2616
856 4 1 _uhttps://shs.cairn.info/revue-ethnologie-francaise-2004-2-page-309?lang=fr&redirect-ssocas=7080
999 _c1636414
_d1636414